书目信息 |
| 题名: |
安全管理
|
|
| 作者: | 袁昌明 编著 | |
| 分册: | ||
| 出版信息: | 北京 中国计量出版社 2009.03 |
|
| 页数: | 252页 | |
| 开本: | 20cm | |
| 丛书名: | ||
| 单 册: | ||
| 中图分类: | X92 | |
| 科图分类: | ||
| 主题词: | 劳动保护管理 , 劳动保护--劳动管理 | |
| 电子资源: | ||
| ISBN: | 978-7-5026-2927-4 | |
| 000 | 00624nam0 2200229 45 | |
| 001 | 0940490500 | |
| 005 | 20091103111527.80 | |
| 010 | @a978-7-5026-2927-4@dCNY29.00 | |
| 100 | @a20090515d2009 ekmy0 y0120 ea | |
| 102 | @aCN@b130000 | |
| 102 | @aCN@b110000 | |
| 105 | @ay z 000yy | |
| 200 | 1 | @a安全管理@f袁昌明等编著@Fyuan chang ming deng bian zhu |
| 210 | @a北京@c中国计量出版社@d2009.03 | |
| 215 | @a252页@d20cm | |
| 606 | 0 | @a劳动保护管理 |
| 606 | 0 | @a劳动保护@x劳动管理 |
| 690 | @aX92@v4 | |
| 701 | 0 | @a袁昌明@Ayuan chang ming@4编著 |
| 801 | 0 | @aCN@c20091103 |
| 905 | @a10447@dX92@eY884 | |
| 906 | @d29@n2@r1 | |
| 安全管理/袁昌明等编著.-北京:中国计量出版社,2009.03 |
| 252页;20cm |
| ISBN 978-7-5026-2927-4:CNY29.00 |
| ● |
| 相关链接 |
|
|
|
正题名:安全管理
索取号:X92/Y884
 
预约/预借
| 序号 | 登录号 | 条形码 | 馆藏地/架位号 | 状态 | 备注 |
| 1 | 896947 | 208969473 | 自科库501/501自科库 119排2列3层/ [索取号:X92/Y884] | 在馆 | |
| 2 | 896948 | 208969482 | 自科库501/501自科库 119排2列3层/ [索取号:X92/Y884] | 在馆 |